LEADER 01959nam0 22004093i 450 001 SBL0302450 005 20251003044351.0 010 $a8870615723 020 $aIT$b837020 100 $a19910930d1983 ||||0itac50 ba 101 | $aita 102 $ait 181 1$6z01$ai $bxxxe 182 1$6z01$an 200 1 $aGeografia elettorale nell'Italia del dopoguerra$fCarlo Brusa 210 $aMilano$cUNICOPLI$d1983 215 $aXVI, 163 p.$cill.$d24 cm. 225 | $aCollana dell'Istituto di scienze geografiche dell'Università di Parma$v3 410 0$1001CFI0002537$12001 $aCollana dell'Istituto di scienze geografiche dell'Università di Parma$v3$171201$aUniversità degli studi$c $b : Istituto di scienze geografiche$3CFIV001982 606 $aElezioni politiche$xItalia$x1946-1981$2FIR$3SBLC058615$9I 606 $aPartiti$xItalia$x1946-1981$2FIR$3SBLC058616$9I 676 $a324$9VITA POLITICA$v21 676 $a324.945$9ELEZIONI. ITALIA$v19 676 $a324.945$9Elezioni. Storia e geografia. Italia$v23 686 $aIT/3422.5$cELEZIONI E REFERENDUM ITALIA 1945-1968$2R 686 $aIT/4422.5$cELEZIONI E REFERENDUM ITALIA 1968-1989$2R 696 $aPartiti politici 699 $aPartiti$yPartiti politici 700 1$aBrusa$b, Carlo$f <1947- >$3SBNV014308$4070$0307331 801 3$aIT$bIT-000000$c19910930 850 $aIT-BN0095 901 $bNAP 01$cPOZZO LIB.$nVi sono collocati fondi di economia, periodici di ingegneria e scienze, periodici di economia e statistica e altri fondi comprendenti documenti di economia pervenuti in dono. 912 $aSBL0302450 950 0$aBiblioteca Centralizzata di Ateneo$c1 v.$d 01POZZO LIB.F. LANGELLA 176$e 0101 0600183725E VMA 1 v. (Precedente collocazione LG 271)$fB $h20221011$i20221011 977 $a 01 996 $aGeografia elettorale nell'Italia del dopoguerra$9451023 997 $aUNISANNIO